000 00706nam a22002177a 4500
999 _c15753
_d15753
003 MIRAKIL
005 20240322133850.0
008 240322b tu ||||| |||| 00| 0 tur d
020 _a9789751752888
040 _aTR-AnCHP
_cTR-AnCHP
041 _atur
082 _a494.3
_bA52t 2022
100 _aAmanjolov, Altay
245 1 0 _aTürk filolojisi ve yazı tarihi /
_cAltay Almanjolov ; çeviren : Kenan Koç.
260 _aAnkara:
_bTürk Dil Kurumu Yayınları,
_c2022.
300 _a110 s. ;
_c22 cm.
490 0 _aTürk Dil Kurumu Yayınları;
_v1509.
650 0 _97716
_aTürk dili
856 _zDijital Nüshası için Partimizin Kütüphane Sorumlusu ile iletişime geçiniz.
942 _2ddc
_cBKS